US States With No Repeating Vowels Quiz Stats

 Plays Quiz Updated Nov 21, 2017

Score 0/15 Timer 01:30
7 Plays Today
US State % Correct
Florida
84.1%
Maine
79.2%
Texas
74.9%
New York
73.8%
Iowa
71.2%
Washington
67.8%
Idaho
67.8%
Utah
64.8%
US State % Correct
Vermont
62.4%
Georgia
61.2%
Wyoming
54%
Kentucky
52.3%
Rhode Island
40.8%
Connecticut
39.1%
Minnesota
38.8%

You're not logged in!

Compare scores with friends on all Sporcle quizzes.
OR
Log In

You Might Also Like...

Show Comments

Extras

Top Quizzes Today


Score Distribution

Your Account Isn't Verified!

In order to create a playlist on Sporcle, you need to verify the email address you used during registration. Go to your Sporcle Settings to finish the process.

Report this User

Report this user for behavior that violates our Community Guidelines.

Details: